Artists by First Album - Statistics

General Stats
  • This quiz has been taken 1,647 times
  • The average score is 11 of 25
Answer Stats
Hint Answer % Correct
The Slim Shady LP Eminem
89%
Appetite for Destruction Guns N' Roses
72%
Never Mind the Bollocks, Here's the... Sex Pistols
71%
My Generation The Who
71%
Please Please Me The Beatles
66%
Bleach Nirvana
62%
Definitely Maybe Oasis
61%
Pablo Honey Radiohead
58%
Ten Pearl Jam
55%
... & Nico Velvet Underground
54%
Parachutes Coldplay
53%
The Piper at the Gates of Dawn Pink Floyd
50%
Whatever People Say I am, That's What I'm Not Arctic Monkeys
46%
Is This it The Strokes
40%
Horses Patti Smith
36%
Unknown Pleasures Joy Division
34%
Funeral Arcade Fire
29%
Frank Amy Winehouse
27%
Reasonable Doubt Jay-Z
27%
For Emma, Forever Ago Bon Iver
25%
Debut Björk
21%
Original Pirate Material The Streets
17%
Silent Alarm Bloc Party
16%
Psychocandy The Jesus and Mary Chain
15%
Boy in da Corner Dizzee Rascal
14%
No matching quizzes found
Score Distribution
Percent of People with Each Score
Percentile by Number Answered
Your Score History
You have not taken this quiz